Extrakcia obsahu webových stránok pomocou strojového učenia
Gespeichert in:
| 1. Verfasser: | |
|---|---|
| Weitere Verfasser: | |
| Format: | Manuskript Buch |
| Sprache: | Slowakisch |
| Veröffentlicht: |
Bratislava :
STU v Bratislave FEI,
2022
|
| Schlagworte: | |
| Online-Zugang: | https://opac.crzp.sk/?fn=detailBiblioFormChildU772L&sid=D9F0BB0A8DA9926980A699D31B33&seo=CRZP-detail-kniha |
| Tags: |
Keine Tags, Fügen Sie das erste Tag hinzu!
|
MARC
| LEADER | 00000ntm a22000003a 4500 | ||
|---|---|---|---|
| 001 | stuzp87468 | ||
| 003 | SK-STU | ||
| 005 | 20230207094428.8 | ||
| 007 | ta | ||
| 008 | 150427s2015----xo-----f-mn---000-0-slo-d | ||
| 040 | |a STU |b slo | ||
| 041 | 0 | |a slo | |
| 044 | |a xo | ||
| 100 | 1 | |a Matušov, Jakub |u 035000 |4 aut |U FEI Fakulta elektrotechniky a informatiky |T FEI Ústav informatiky a matematiky |X 79660 |U E050 |Y 816 |7 79660 | |
| 242 | 0 | 1 | |a Webpage content extraction using machine learning |y eng |
| 245 | 1 | 0 | |a Extrakcia obsahu webových stránok pomocou strojového učenia |
| 260 | |a Bratislava : |b STU v Bratislave FEI, |c 2022 | ||
| 300 | |a 80 s., príl. | ||
| 650 | 4 | |a extrakcia obsahu |2 slo | |
| 650 | 4 | |a strojové učenie |2 slo | |
| 650 | 4 | |a web scraping |2 slo | |
| 650 | 4 | |a stroje s podpornými vektormi |2 slo | |
| 650 | 4 | |a náhodný les |2 slo | |
| 650 | 4 | |a machine learning |2 eng | |
| 650 | 4 | |a support-vector machine |2 eng | |
| 650 | 4 | |a random forest |2 eng | |
| 650 | 4 | |a web scraping |2 eng | |
| 650 | 4 | |a content extraction |2 eng | |
| 700 | 1 | |a Bukovčiková, Zuzana |u 035000 |k Z2 |4 ths |U FEI Fakulta elektrotechniky a informatiky |T FEI Ústav informatiky a matematiky |X 53481 |U E050 |Y 816 |7 53481 | |
| 856 | 4 | |u https://opac.crzp.sk/?fn=detailBiblioFormChildU772L&sid=D9F0BB0A8DA9926980A699D31B33&seo=CRZP-detail-kniha | |